Young readers baseball stories; (Record no. 5477)

MARC details
000 -LEADER
fixed length control field 00729cam a22002531 4500
001 - CONTROL NUMBER
control field 8363315
003 - CONTROL NUMBER IDENTIFIER
control field GBCCL
005 - DATE AND TIME OF LATEST TRANSACTION
control field 20241126110543.0
008 - FIXED-LENGTH DATA ELEMENTS--GENERAL INFORMATION
fixed length control field 750828s1950 xx j 000 0 eng
010 ## -
-- 50011857
035 ## - SYSTEM CONTROL NUMBER
System control number (OCoLC)1577823
040 ## - CATALOGING SOURCE
Original cataloging agency DLC
Transcribing agency FM
Modifying agency DLC
042 ## -
-- premarc
050 00 -
-- PZ7.C7785
-- Yo
082 ## - DEWEY DECIMAL CLASSIFICATION NUMBER
Classification number 813.54
Item number COO
100 1# - MAIN ENTRY--PERSONAL NAME
Personal name Coombs, Charles Ira,
Dates associated with a name 1914-
9 (RLIN) 9861
245 10 - TITLE STATEMENT
Title Young readers baseball stories;
Statement of responsibility, etc. illustrated by Richard Osborne.
260 ## - PUBLICATION, DISTRIBUTION, ETC.
Place of publication, distribution, etc. New York,
Name of publisher, distributor, etc. Lantern Press
Date of publication, distribution, etc. [1950]
300 ## - PHYSICAL DESCRIPTION
Extent 190 p.
Other physical details illus.
Dimensions 21 cm.
440 #0 - SERIES STATEMENT/ADDED ENTRY--TITLE
Title Young readers bookshelf
9 (RLIN) 9862
650 ## - SUBJECT ADDED ENTRY--TOPICAL TERM
Topical term or geographic name entry element Juvenile fiction
9 (RLIN) 9863
906 ## - LOCAL DATA ELEMENT F, LDF (RLIN)
a 7
b cbc
c oclcrpl
d u
e ncip
f 19
g y-gencatlg
942 ## - ADDED ENTRY ELEMENTS (KOHA)
Source of classification or shelving scheme Dewey Decimal Classification
Koha item type Books
Holdings
Withdrawn status Lost status Source of classification or shelving scheme Damaged status Not for loan Home library Current Library Shelving location Date acquired Total checkouts Full call number Barcode Date last seen Copy number Price effective from Koha item type
    Dewey Decimal Classification     GRACE BIBLE COLLEGE GRACE BIBLE COLLEGE General Studies 2018-03-22   813.54 COO 004414 2025-05-01 c.1 2018-03-22 Books
© Grace Bible College Library 2025